Encuentro centroamericano de laicos: San José de Costa Rica 20-25 de Julio 1984

Αποθηκεύτηκε σε:
Λεπτομέρειες βιβλιογραφικής εγγραφής
Συγγραφή απο Οργανισμό/Αρχή: Pontificium Consilium pro Laicis (Συγγραφέας)
Μορφή: Βιβλίο
Γλώσσα:Ισπανικά
Έκδοση: Ciudad del Vaticano Tipografia Poliglota Vaticana 1984
Σειρά:Servicio de documentación, 15
Θέματα:
Ετικέτες: Προσθήκη ετικέτας
Δεν υπάρχουν, Καταχωρήστε ετικέτα πρώτοι!

MARC

LEADER 00000nam a2200000 a 4500
001 UCX7375
003 CL-VaPUC
005 20220315074410.0
008 931206e19840000vc 1 spa d
082 0 4 |a 262.15  |b PON  |2 21 
110 2 |a Pontificium Consilium pro Laicis  |e author  |9 616894 
245 1 0 |a Encuentro centroamericano de laicos: San José de Costa Rica 20-25 de Julio 1984 
260 |a Ciudad del Vaticano  |b Tipografia Poliglota Vaticana  |c 1984 
300 |a 167 p 
490 0 |a Servicio de documentación, 15 
583 |a last modification  |c 19931206 00:00:00  |k Rodrigo Vera 
650 0 0 |a Laicos  |9 255625 
650 0 0 |a Congresos  |9 257560 
942 |c BK 
945 |a mfernand  |d 19931206 00:00:00 
546 |a En Español 
518 |p Encuentro Centroamericano de laicos, San José, Costa Rica, 1984 
999 |c 382174  |d 382172 
952 |0 0  |1 0  |4 0  |6 262_150000000000000_PON_1984  |7 0  |8 A  |9 503734  |a BIBTEO  |b BIBTEO  |d 2020-01-23  |i 2949547  |o 262.15 PON 1984  |p 2949547  |r 2025-01-17  |w 2020-01-23  |y BK  |k ICR